Coffee and peasant : the original of the modern plantation economy in Guatemala, 1853-1897 /
Guardado en:
| Autor principal: | |
|---|---|
| Formato: | Desconocido |
| Lenguaje: | English |
| Publicado: |
Canada :
CIRMA,
c1985.
|
| Materias: | |
| Etiquetas: |
Agregar Etiqueta
Sin Etiquetas, Sea el primero en etiquetar este registro!
|
MARC
| LEADER | 000000000a22000000004500 | ||
|---|---|---|---|
| 001 | 005167 | ||
| 020 | |a 9185894095 | ||
| 041 | 0 | |a eng | |
| 082 | 0 | 4 | |a 338.1 |b C177c |
| 100 | 1 | |a Cambranes, Julio Castellanos | |
| 245 | 1 | 0 | |a Coffee and peasant : |b the original of the modern plantation economy in Guatemala, 1853-1897 / |c Julio Castellanos Cambranes. |
| 260 | 1 | |a Canada : |b CIRMA, |c c1985. | |
| 300 | |a 334 páginas : |b mapas | ||
| 650 | 4 | |a INDUSTRIA DEL CAFE | |
| 650 | 4 | |a GUATEMALA | |
| 650 | 4 | |a SIGLO XIX | |
| 650 | 4 | |a PLANTACIONES | |
| 650 | 4 | |a CAMPESINOS | |
| 999 | |c 10942 |d 10942 | ||
| 942 | |c BK |h 338.1 C177c |2 z | ||



